[Event "VIE Cup (Women)"]
[Site "Hanoi"]
[Date "2021.??.??"]
[Round "2"]
[White "Dang, Ngoc Thien Thanh"]
[Black "Bui, Kha Nhi"]
[Result "0-1"]
[WhiteElo "2343"]
[BlackElo "1462"]
[PlyCount "62"]
[EventDate "2021.05.03"]
[EventType "swiss"]
[EventRounds "9"]
[EventCountry "VIE"]
[SourceTitle "EXT 2022"]
[Source "ChessBase"]
[SourceDate "2021.10.06"]
[SourceVersion "1"]
[SourceVersionDate "2021.10.06"]
[SourceQuality "1"]

1. e4 c5 2. Nf3 d6 3. d4 cxd4 4. Nxd4 Nf6 5. Nc3 Nc6 6. f3 a6 7. Bg5 e6 8. f4 h6 9. Bh4 Be7 10. Qd2 Nxe4 11. Nxe4 Bxh4+ 12. g3 Be7 13. Nxc6 bxc6 14. 0-0-0 d5 15. Nc3 0-0 16. g4 e5 17. f5 Bg5 18. h4 Bxd2+ 19. Rxd2 Rb8 20. g5 Bxf5 21. gxh6 gxh6 22. Rg2+ Kh7 23. Rhg1 Qxh4 24. Rg7+ Kh8 25. R7g2 Rg8 26. Rxg8+ Rxg8 27. Rxg8+ Kxg8 28. Bxa6 Qe1+ 29. Nd1 h5 30. Bb7 Qe2 31. Bxc6 Qxc2# 0-1

[Event "VIE Cup (Women)"]
[Site "Bac Giang"]
[Date "2018.06.01"]
[Round "4"]
[White "Nguyen, Thuy Duong"]
[Black "Bui, Kha Nhi"]
[Result "0-1"]
[WhiteElo "1767"]
[BlackElo "1462"]
[PlyCount "129"]
[EventDate "2018.05.30"]
[EventType "swiss"]
[EventRounds "9"]
[EventCountry "VIE"]
[SourceTitle "CBM 184 Extra"]
[Source "ChessBase"]
[SourceDate "2018.06.28"]
[SourceVersion "1"]
[SourceVersionDate "2018.06.28"]
[SourceQuality "1"]

1. e4 c5 2. Nf3 Nc6 3. d3 d6 4. Be2 Nf6 5. c4 e6 6. Nc3 a6 7. b3 g6 8. Rb1 Bg7 9. Bb2 0-0 10. d4 cxd4 11. Nxd4 Nxd4 12. Qxd4 Qa5 13. 0-0 Nxe4 14. Qxe4 Bxc3 15. Bxc3 Qxc3 16. Rfc1 Qf6 17. Qe3 e5 18. Rc3 Bf5 19. Rbc1 Rac8 20. Qf3 e4 21. Qf4 Qe5 22. Qxe5 dxe5 23. c5 Bd7 24. b4 Bc6 25. a3 Rfd8 26. Rd1 Rxd1+ 27. Bxd1 Rd8 28. Be2 Rd2 29. Kf1 Ra2 30. Bc4 Rd2 31. Ke1 Rd4 32. Bb3 Rd3 33. Rxd3 exd3 34. g3 Kf8 35. Kd2 e4 36. Ke3 Ke7 37. a4 f5 38. Bd1 Kf6 39. a5 Ke5 40. Bb3 Bd5 41. Ba4 g5 42. b5 f4+ 43. gxf4+ gxf4+ 44. Kd2 Bc4 45. c6 bxc6 46. b6 Kd6 47. h4 Bd5 48. h5 h6 49. Bd1 c5 50. f3 c4 51. fxe4 Bxe4 52. Bg4 Bb7 53. Kc3 f3 54. Kxc4 d2 55. Kd3 d1Q+ 56. Ke3 Qe2+ 57. Kf4 Qe4+ 58. Kg3 f2 59. Bh3 Qf3+ 60. Kh2 Qxh3+ 61. Kxh3 f1Q+ 62. Kh4 Qf4+ 63. Kh3 Bc8+ 64. Kg2 Qe3 65. Kh1 0-1

[Event "VIE-chT (Women)"]
[Site "Ho Chi Minh City"]
[Date "2017.07.25"]
[Round "3.48"]
[White "Ly, Nguyen Ngoc Tran"]
[Black "Bui, Kha Nhi"]
[Result "0-1"]
[WhiteElo "1895"]
[BlackElo "1910"]
[PlyCount "70"]
[EventDate "2017.07.24"]
[EventType "team-swiss"]
[EventRounds "9"]
[EventCountry "VIE"]
[SourceTitle "EXT 2019"]
[Source "ChessBase"]
[SourceDate "2018.10.10"]
[SourceVersion "1"]
[SourceVersionDate "2018.10.10"]
[SourceQuality "1"]

1. e4 c5 2. Nf3 Nc6 3. d4 cxd4 4. Nxd4 Nf6 5. Nc3 e5 6. Nb3 d6 7. Be2 h6 8. Be3 Be7 9. 0-0 0-0 10. f4 a6 11. a4 Re8 12. a5 Be6 13. Bb6 Qc8 14. f5 Bxb3 15. cxb3 Bd8 16. Bxd8 Qxd8 17. Rf3 Nxa5 18. b4 Nc6 19. Rg3 Qb6+ 20. Kh1 Qd4 21. Qc1 Kh7 22. Rd3 Qxb4 23. Ra4 Qc5 24. Qd2 Nd4 25. b4 Qc6 26. Ra3 Nxe4 27. Nxe4 Qxe4 28. Qe3 Qxe3 29. Rxe3 Nc2 30. Bf3 Nxe3 31. Rxe3 Rab8 32. Rd3 e4 33. Rxd6 exf3 34. gxf3 Rbd8 35. Rb6 Rd2 0-1

[Event "VIE-chT (Women)"]
[Site "Ho Chi Minh City"]
[Date "2017.07.24"]
[Round "1.30"]
[White "Nguyen, Thi Minh Oanh"]
[Black "Bui, Kha Nhi"]
[Result "1-0"]
[WhiteElo "1796"]
[BlackElo "1910"]
[PlyCount "63"]
[EventDate "2017.07.24"]
[EventType "team-swiss"]
[EventRounds "9"]
[EventCountry "VIE"]
[SourceTitle "EXT 2019"]
[Source "ChessBase"]
[SourceDate "2018.10.10"]
[SourceVersion "1"]
[SourceVersionDate "2018.10.10"]
[SourceQuality "1"]

1. d4 d5 2. Bg5 Nf6 3. Bxf6 exf6 4. e3 g6 5. c4 Be6 6. Nd2 Nd7 7. Ngf3 c5 8. cxd5 Bxd5 9. e4 Be6 10. d5 Bg4 11. Qa4 a6 12. Be2 Bh6 13. Rd1 0-0 14. 0-0 Ne5 15. h3 Bd7 16. Qa3 Nxf3+ 17. Bxf3 Rc8 18. Rfe1 Bf4 19. Bg4 Re8 20. Nc4 Bxg4 21. hxg4 Bd6 22. g5 b5 23. Nxd6 Qxd6 24. gxf6 Rcd8 25. b3 Re5 26. f4 Ree8 27. e5 Qc7 28. Qc1 Rc8 29. f5 Kh8 30. d6 Qd7 31. Qh6 Rg8 32. e6 1-0